000 00275nam a2200109Ia 4500
008 200302s9999 xx 000 0 und d
100 _aAnna Yudina
245 _aFurnitecture Furniture That Transforms Space
260 _bThams and Hudson Ltd.,
260 _c2015
300 _a271
999 _c3702
_d3702